000 00584ntaaa2200205 4500
003 01
005 20251027202424.0
008 0714s1973 ag 01
040 _aAR-BaBN
_bspa
_cAR-BaBN
_eaacr
_dRIC
082 _a289.6000 B76
100 _aBrinton, Howard
_923078
245 _aFriends for 300 years
250 _a1 ed.
260 _aNew York :
_bHarper and Brothers,
_c1952
300 _a239 p
500 _aThe history and beliefs of the Society of Friends since George Fox started the Quaker movement
650 _aCuáqueros
_912682
650 _aQuakers
_923079
942 _cBK
999 _c19160
_d19160